Citizens as peers complementing government functions: The case of new governance modes in public housing in Warsaw, Poland
| Titel: | Citizens as peers complementing government functions: The case of new governance modes in public housing in Warsaw, Poland / Katarzyna Gajewska |
|---|---|
| Verfasser: | |
| In: |
Journal of contemporary Central and Eastern Europe, Band 25, Heft 2 (2017), Seite 181-198 alle Artikel anzeigen |
| Veröffentlicht: | 2017 |
| Format: | Aufsatz |
| Sprache: | Englisch |
X
alg: 46906158 001A $03025:09-09-20 001B $01999:09-09-20 $t22:40:12.000 001D $03025:09-09-20 001U $0utf8 001X $00 002@ $0Oou 002C $aText $btxt $2rdacontent 002D $aComputermedien $bc $2rdamedia 002E $aOnline-Ressource $bcr $2rdacarrier 003@ $0469061588 004P $010.1080/25739638.2017.1363987 007A $0469061588 $aHEB 010@ $aeng 010E $erda 011@ $a2017 021A $aCitizens as peers complementing government functions: The case of new governance modes in public housing in Warsaw, Poland $hKatarzyna Gajewska 028A $BVerfasser $4aut $7141680075 $8Gajewska, Katarzyna [Tp3] $9224686380 031A $d25 $e2 $h181-198 $j2017 039B $aEnthalten in $8--Obvc--. Journal of contemporary Central and Eastern Europe. - Abingdon, Ofordshire : Routlegde, Taylor & Francis Group, 2015-. - Online-Ressource. - ISSN 2573-9646 $x201700000250002819 $9426937147 044K $RWarszawa $#Warschau $#Warszawa $#Warszowa $#Varšava $#Varsovia $#Varsavia $#Varšavaq $#Varsó $#Miasto Stołeczne Warszawa $#Varsovie $#Warsaw $#Varšava $#Varšuva $#Varssavi $74079048-4 $8Warschau [Tg1] $9085224332 044K $RWohnung $RSozialer Wohnungsbau $#Public housing $#Logement social $#Sozialwohnung $74263494-5 $8Sozialwohnung [Ts1] $9086405292 044K $RGemeindeverwaltung $RMagistrat $#Municipal government $#Administration communale $#Stadt Verwaltung $74056784-9 $8Stadtverwaltung [Ts1] $9085158151 044K $#City dwellers $#Citadins $#Stadtbevölkerung $#Stadtbevölkerung $#Stadt Bevölkerung $#Stadtbewohner $#Städter $74138964-5 $8Stadtbevölkerung [Ts1] $9085527114 044K $RPolitische Bewegung $RProtestbewegung $#Social movements $#Mouvements sociaux $#Movimenti sociali $#Movimientos sociales $#Soziale Bewegung $#soziale Bewegung $#Bewegung Soziologie $#Sozialbewegung $#Volksbewegung $#Soziale Bewegungen $74055707-8 $8Soziale Bewegung [Ts1] $9085155039 045F $a306.094380905 $eDDC23BSB 045F/01 $a306.09 045F/03 $f0905 045F/03 $g438 045G $a909 $eDDC23BSB 045G/01 $a909 045G/03 $f0905 045G/03 $g438 045R $aGeschichte 2008-2012 lok: 46906158 78 exp: 46906158 78 1 #EPN 201B/01 $009-09-20 $t13:19:22.000 201C/01 $009-09-20 201U/01 $0utf8 203@/01 $01122688652 208@/01 $a09-09-20 $be 209A/01 $a/ $f000 $x00 209A/01 $ab*p $x01 220C/01 $apgar 244Z/01 $#Generalgouvernement Polen $#Polska $#Rzeczpospolita Polska $#Polska Rzeczpospolita Ludowa $#Poland $#Pologne $#République Polonaise $#Generalne Gubernatorstwo w Polsce $#Polish People's Republic $#Polska Rzeczpospolita Polen $#PRL $#RP $#Polen Generalgouvernement $#Polska Generalgouvernement $#Besetzte Polnische Gebiete $#Besetztes Gebiet in Polen $#Okupowane Polskie Obszary $#Obszary Okupowane w Polsce $#Volksrepublik Polen $#Polska Rosyjska $#Republic Polen $#Respublika Pol'ša $#Pol'skaja Narodnaja Respublika $#République de Pologne $#Polen Links der Weichsel $#Polska po Lewej Stronie Wisły $#Lenkija $#Polija $#Gubernija Carstva Pol'skago $#Republik Polen $74046496-9 $8--Tg1--Polen $x01 $9085129801 247C/01 $82080>Marburg/Lahn, Herder-Institut, Forschungsbibliothek, Bibliographieportal $9336309341
| LEADER | 00000caa a2200000 c 4500 | ||
|---|---|---|---|
| 001 | 469061588 | ||
| 003 | DE-603 | ||
| 005 | 20200909224012.0 | ||
| 007 | cr|||||||||||| | ||
| 008 | 200909s2017 xx |||| o| u00||u|eng c | ||
| 024 | 7 | |a 10.1080/25739638.2017.1363987 |2 doi | |
| 035 | |a (DE-599)HEB469061588 | ||
| 040 | |a DE-603 |b ger |c DE-603 |d DE-603 |e rda | ||
| 041 | |a eng | ||
| 082 | 0 | 4 | |8 1\u |a 306.094380905 |q DE-101 |2 23/BSB |
| 083 | 0 | |8 2\u |a 909 |q DE-101 |2 23/BSB | |
| 085 | |8 1\u |b 306.09 | ||
| 085 | |8 1\u |z 1 |s 0905 | ||
| 085 | |8 1\u |z 2 |s 438 | ||
| 085 | |8 2\u |b 909 | ||
| 085 | |8 2\u |z 1 |s 0905 | ||
| 085 | |8 2\u |z 2 |s 438 | ||
| 100 | 1 | |a Gajewska, Katarzyna |e Verfasser |4 aut |0 (DE-603)224686380 |0 (DE-588)141680075 |2 gnd | |
| 245 | 0 | 0 | |a Citizens as peers complementing government functions: The case of new governance modes in public housing in Warsaw, Poland |c Katarzyna Gajewska |
| 264 | 0 | |c 2017 | |
| 336 | |a Text |b txt |2 rdacontent | ||
| 337 | |a Computermedien |b c |2 rdamedia | ||
| 338 | |a Online-Ressource |b cr |2 rdacarrier | ||
| 648 | 7 | |a Geschichte 2008-2012 |2 gnd | |
| 650 | 7 | |a Sozialwohnung |0 (DE-588)4263494-5 |0 (DE-603)086405292 |2 gnd | |
| 650 | 7 | |a Stadtverwaltung |0 (DE-588)4056784-9 |0 (DE-603)085158151 |2 gnd | |
| 650 | 7 | |a Stadtbevölkerung |0 (DE-588)4138964-5 |0 (DE-603)085527114 |2 gnd | |
| 650 | 7 | |a Soziale Bewegung |0 (DE-588)4055707-8 |0 (DE-603)085155039 |2 gnd | |
| 651 | 7 | |a Warschau |0 (DE-588)4079048-4 |0 (DE-603)085224332 |2 gnd | |
| 773 | 0 | 8 | |i Enthalten in |t Journal of contemporary Central and Eastern Europe |d Abingdon, Ofordshire : Routlegde, Taylor & Francis Group, 2015- |h Online-Ressource |x 2573-9646 |g Band 25, Heft 2 (2017), Seite 181-198 |w (DE-603)426937147 |w (DE-600)2922261-8 |
| 924 | 1 | |9 2080 |a (DE-603)1122688652 |b DE-2080 |c HES |d d |g / | |


